000 002560000a22000970004500
100 1 _aSteuernagel, Valdir R.
245 1 0 _aViñetas Centroamericanas
300 _aVol. 10, Num 2 (Abril-Junio, 1991) Páginas 20-23
773 0 _tIglesia y Misión
942 _cANA
999 _c51915
_d51915